Methodical inspection offers protection (Record no. 84410)

MARC details
000 -LEADER
fixed length control field 00696cab a22001935a 4500
001 - CONTROL NUMBER
control field L157559
008 - FIXED-LENGTH DATA ELEMENTS--GENERAL INFORMATION
fixed length control field 130117e20130112xxk 000 0 eng d
035 ## - SYSTEM CONTROL NUMBER
System control number (Sirsi) u157559
041 0# - LANGUAGE CODE
Language code of text/sound track or separate title eng
100 1# - MAIN ENTRY--PERSONAL NAME
Personal name Deckker, Sebastian
245 00 - TITLE STATEMENT
Title Methodical inspection offers protection
260 ## - PUBLICATION, DISTRIBUTION, ETC.
Date of publication, distribution, etc. 2013
490 ## - SERIES STATEMENT
Series statement Estates Gazette
Volume/sequential designation (1302) 12 January 2013, 62-63(2)
520 ## - SUMMARY, ETC.
Summary, etc. Principles and best practice for providing valuations of residential property for loan security purposes. Mentions the three major stages for the inspection process, pre-inspection, the inspection and the post inspection.
590 ## - LOCAL NOTE (RLIN)
Local note KA
651 #4 - SUBJECT ADDED ENTRY--GEOGRAPHIC NAME
Geographic name United Kingdom
690 ## - LOCAL SUBJECT ADDED ENTRY--TOPICAL TERM (OCLC, RLIN)
Topical term or geographic name as entry element Valuation
9 (RLIN) 6273
942 ## - ADDED ENTRY ELEMENTS (KOHA)
Suppress in OPAC 0
Holdings
Withdrawn status Lost status Source of classification or shelving scheme Damaged status Not for loan Home library Current library Shelving location Date acquired Total Checkouts Full call number Barcode Date last seen Copy number Price effective from Koha item type
    Dewey Decimal Classification     London London Journal article 17/01/2013   L157559 157559-1001 06/08/2019 1 06/08/2019 Journal article